000 00841nam a2200265Ia 4500
003 OSt
005 20220926025128.0
006 a|||||r|||| 00| 0
007 ta
008 220923b |||||||| |||| 00| 0 eng d
020 _a0195669754
_c595.00
037 _b18276, 17/02/2005, SBD
_cGeneral Book
040 _aRTL
_cRTL
_beng
041 _2eng
_aeng
082 _aY:3(Q). 49G.P, P5
100 _aMalik Jamal
_938103
245 0 _aReligious pluralism in South Asia and Europe.
260 _aOxford
_bOxford University Press
_c2005
300 _axii, 317p
_ccm.
500 _aBibliography Chapterwise
650 _aSociology Of Religion
700 _a Reifeld Helmut Ed.
_911875
942 _hY:3(Q). 49G.P, P5
_cGB
_2CC
999 _c646373
_d646373